| 000 | 01391nam a2200385 i 4500 | ||
|---|---|---|---|
| 001 | 196000 | ||
| 003 | ES-MaACL | ||
| 005 | 20250804062711.0 | ||
| 008 | 240809s2012 sp | |||| 000 m spa | ||
| 015 | _aMON12 | ||
| 017 |
_aM 42157-2012 _bOficina Depósito Legal Madrid |
||
| 020 | _a9788497941495 | ||
| 035 | _a(OCoLC)864331672 | ||
| 035 | _a(SpMaBN)a5392093 | ||
| 035 | _a991042207489708606 | ||
| 040 |
_aSpMaBN _bspa _cSpMaBN _erdc |
||
| 080 | _a821.112.2(437)-82"19" | ||
| 100 | 0 |
_aKafka, Franz, _d1883-1924 _967400 _eaut |
|
| 243 | 1 | 0 |
_aObra selecta _lEspañol |
| 245 | 1 | 3 |
_aLa metamorfosis ; _bInforme para una academia ; El proceso ; América ; Carta al padre ; Meditaciones y otras obras / _cFranz Kafka. |
| 260 |
_aArganda del Rey : _bEdimat, _cD.L. 2012. |
||
| 300 |
_a574 p. : _c24 cm. |
||
| 336 |
_aTexto (visual) _2isbdcontent |
||
| 337 |
_asin mediación _2isbdmedia |
||
| 338 |
_2rdacarrier _avolumen |
||
| 490 | 0 | _aObras selectas (EDIMAT Libros) | |
| 655 | 0 |
_aNovelas _9234319 |
|
| 700 | 0 |
_973498 _aLópez Castellón, Enrique _eaut |
|
| 852 |
_aES-MaACL _bR.152370 _cDEPOJ _jN-9120 _hDonación: Editorial _xEncuadernación cartoné _9205029 |
||
| 942 |
_cMONOGRAFIA _n0 |
||
| 999 |
_c196000 _d196000 |
||